00000000nam 2200000za 4500
0019.856188
003CaOODSP
00520221107155501
007cr |||||||||||
008180504s2018    onc    #o    f|0| 0 eng d
040 |aCaOODSP|beng
043 |an-cn---
0861 |aXC49-1/1-421-9E-PDF
1101 |aCanada. |bParliament. |bHouse of Commons. |bStanding Committee on Natural Resources.
24510|aValue-added products in Canada's forest sector |h[electronic resource] : |bcultivating innovation for a competitive bioeconomy / |cJames Maloney, chair.
260 |a[Ottawa] : |bHouse of Commons, |c2018.
300 |avii, 37 p.
4901 |aReport of the Standing Committee on Natural Resources ; |v9th report, 42nd Parliament, 1st session
500 |aIssued also in French under title: Produits à valeur ajoutée dans le secteur forestier canadien : cultiver l'innovation pour assurer la compétitivité de la bioéconomie.
500 |a"May 2018."
500 |aOriginal published on: 2018/05/04. Republished on: 2018/06/06, 2018/08/23.
69207|2gccst|aForestry industry
69207|2gccst|aForestry products
7001 |aMaloney, James Victor.
77508|tProduits à valeur ajoutée dans le secteur forestier canadien |w(CaOODSP)9.856190
830#0|aReport of the Standing Committee on Natural Resources ;|v9th report, 42nd Parliament, 1st session|w(CaOODSP)9.507014
85640|qPDF|s6.97 MB|uhttps://publications.gc.ca/collections/collection_2018/parl/xc49-1/XC49-1-1-421-9-eng.pdf